Leyendas españolas por trayectoria profesional - Estadísticas

Estadísticas generales
  • Esta prueba ha sido intentada 764 veces
  • La puntuación promedio es 8 de 10
Estadísticas de respuestas
Jugadores Clubes % Correcto
Andrès Iniesta
91%
Iker Casillas
91%
Sergio Ramos
90%
Fernando Torres
88%
Raúl
88%
Xabi Alonso
86%
Xavi
83%
Carles Puyol
72%
Pep Guardiola
59%
Emilio Butragueño
26%
No se encontraron pruebas coincidentes
Distribución de puntuación
Porcentaje de gente con cada puntuación
Porcentaje por número respondido
Historial de tus puntuaciones
No has intentado esta prueba.